[Event "MCR mladeze, Kouty 2018 - D14"]
[Site "Kouty nad Desnou"]
[Date "2018.03.10"]
[Round "1"]
[White "Vsetulova, Viktorie"]
[Black "Londinova, Jasmina Marie"]
[Result "0-1"]
[WhiteElo "1457"]
[BlackElo "1122"]
[EventDate "2018.03.10"]

1. e4  e5  2. Nf3  Nc6
3. Bc4  Bc5  4. c3
Nf6  5. d4  exd4
6. cxd4  Bb4+  7. Nc3
Nxe4  8. O-O  Bxc3
9. d5  Nb8  10. bxc3
O-O  11. Qd3  Nc5
12. Qd4  d6  13. Bg5
f6  14. Bd2  Re8
15. Bb5  Re4  0-1

[Event "MCR mladeze, Kouty 2018 - D14"]
[Site "Kouty nad Desnou"]
[Date "2018.03.10"]
[Round "1"]
[White "Capkova, Hana"]
[Black "Rolinkova, Lucie"]
[Result "0-1"]
[WhiteElo "1099"]
[BlackElo "1444"]
[EventDate "2018.03.10"]

1. e4  d5  2. Nc3  dxe4
3. Nxe4  Bf5  4. Qf3
Bxe4  5. Qxe4  Nc6
6. Bb5  Nf6  7. Bxc6+
bxc6  8. Qxc6+  Nd7
9. Nf3  Rb8  10. O-O
g6  11. d3  Bg7
12. c3  O-O  13. Re1  Rb6
14. Qc4  Re8  15. d4
e5  16. Ng5  Re7
17. Bd2  Rxb2  18. Re2
exd4  19. Rxe7  Qxe7
20. Re1  Qf6  21. h4
Rxd2  22. Re2  Rxe2
23. Qxe2  dxc3  24. Qe8+
Nf8  25. Qe2  Qd4
26. Qe7  Qd1+  27. Kh2
Qd6+  28. g3  Qxe7
29. Nf3  c2  30. Nd2
c1=Q  31. Nf3  Qe4
32. Kg2  Qd1  33. Kh3
Qexf3  34. Kh2  Qdh1#
0-1

[Event "MCR mladeze, Kouty 2018 - D14"]
[Site "Kouty nad Desnou"]
[Date "2018.03.10"]
[Round "1"]
[White "Leksova, Sona"]
[Black "Drahonovska, Veronika"]
[Result "1-0"]
[WhiteElo "1382"]
[BlackElo "1092"]
[EventDate "2018.03.10"]

1. e4  c5  2. Nf3  Nc6
3. Bb5  a6  4. Bxc6
dxc6  5. h3  e6
6. O-O  Nf6  7. Re1  Be7
8. d4  O-O  9. Bg5
cxd4  10. Qxd4  c5
11. Qe3  Qc7  12. Nc3
e5  13. Bxf6  Bxf6
14. Nd5  Qd6  15. Nxf6+
Qxf6  16. Qxc5  Re8
17. Rad1  Qe7  18. Qxe7
Rxe7  19. Rd8+ 1-0

[Event "MCR mladeze, Kouty 2018 - D14"]
[Site "Kouty nad Desnou"]
[Date "2018.03.10"]
[Round "1"]
[White "Vahalova, Veronika"]
[Black "Habinova, Alice"]
[Result "0-1"]
[WhiteElo "1000"]
[BlackElo "1327"]
[EventDate "2018.03.10"]

1. e4  e5  2. Nf3  Nc6
3. Bc4  Nf6  4. Nc3
Nxe4  5. d3  Nxc3
6. bxc3  d5  7. Bb5
Bd6  8. Bg5  f6
9. Be3  O-O  10. d4  e4
11. Nd2  a6  12. Be2
f5  13. O-O  f4
14. Bh5  fxe3  15. fxe3  Rxf1+
16. Qxf1  Be6  17. Re1
Qh4  18. g3  Qxh5
19. Qg2  Bh3  20. Re2
Bxg2  21. Rxg2  Qd1+
22. Nf1  Rf8  23. h4
Rxf1+  24. Kh2  Rh1#
0-1

[Event "MCR mladeze, Kouty 2018 - D14"]
[Site "Kouty nad Desnou"]
[Date "2018.03.11"]
[Round "2"]
[White "Malkova, Adriana"]
[Black "Lhotska, Anna"]
[Result "0-1"]
[WhiteElo "1486"]
[BlackElo "1647"]
[EventDate "2018.03.10"]

1. d4  Nf6  2. Nf3  e6
3. e3  b6  4. Bd3
Bb7  5. O-O  Ne4
6. Nbd2  f5  7. Ne5
Nf6  8. Qe2  Be7
9. e4  fxe4  10. Nxe4
d6  11. Nxf6+  Bxf6
12. Qh5+  g6  13. Bxg6+
Ke7  14. Bg5  dxe5
15. dxe5  Bxg5  16. Qxg5+
Kd7  17. Rad1+  Bd5
18. Qxd8+  Kxd8  19. Be4
Ke7  20. Bxd5  exd5
21. Rxd5  Ke6  22. Rfd1
Nc6  23. f4  Rad8
24. Rxd8  Rxd8  25. Rxd8
Nxd8  26. Kf2  Nc6
27. c3  b5  28. b4
a5  29. a3  axb4
30. axb4  Ne7  31. Ke3
Nd5+  32. Kd4  Nxf4
33. Kc5  Nd5  34. Kd4
Nf4  35. Kc5  Ne2
36. Kxb5  Nxc3+  37. Kc6
Nd5  38. b5  Kxe5
39. Kd7  Nc3  40. Kc6
Ke6  41. Kxc7  Nxb5+
42. Kc6  Nd6  43. Kc5
Ke5  44. g3  Nf7
45. g4  Kf4  46. Kd4
Kxg4  47. Ke3  h5
48. Kf2  Kh3  49. Kg1
Ne5  50. Kh1  Ng4
51. Kg1  Nxh2  52. Kh1
h4  53. Kg1  Kg3
54. Kh1  h3  55. Kg1
Ng4  56. Kh1  Nf2+
57. Kg1  h2+  58. Kf1
h1=Q+  0-1

[Event "MCR mladeze, Kouty 2018 - D14"]
[Site "Kouty nad Desnou"]
[Date "2018.03.11"]
[Round "2"]
[White "Gregurkova, Nikola"]
[Black "Leksova, Sona"]
[Result "1-0"]
[WhiteElo "1579"]
[BlackElo "1382"]
[EventDate "2018.03.10"]

1. e4  e5  2. Nf3  Nc6
3. Bb5  Nd4  4. Nxd4
exd4  5. d3  Nf6
6. c3  c6  7. Ba4
dxc3  8. Nxc3  Bb4
9. O-O  O-O  10. Bg5
Be7  11. Bf4  d5
12. e5  Nd7  13. d4
Nb6  14. Bc2  h6
15. Qd3  f5  16. b3
Bg5  17. Ne2  Nd7
18. Bxg5  Qxg5  19. f4
Qe7  20. Ng3  Nb8
21. Qd2  Na6  22. a3
Nc7  23. b4  g6
24. Ne2  a5  25. bxa5  c5
26. Rfb1  c4  27. Qb4
Qxb4  28. axb4  Bd7
29. Kf2  Bb5  30. Nc3
Ra6  31. Ba4  Bxa4
32. Rxa4  b5  33. axb6
Rxa4  34. Nxa4  Nb5
35. Ke3  Rb8  36. h3
h5  37. Rg1  Ra8
38. b7  Rb8  39. Nc5
c3  40. Kd3  c2
41. Ra1  Kf7  42. Kxc2  Nxd4+
43. Kc3  Nc6  44. Ra8
d4+  45. Kd2  h4
46. b5  Rxb7  47. Nxb7
Ne7  48. Nd6+  Ke6
49. b6  Kd7  50. b7
Nc6  51. b8=Q  Nxb8
52. Rxb8  1-0

[Event "MCR mladeze, Kouty 2018 - D14"]
[Site "Kouty nad Desnou"]
[Date "2018.03.11"]
[Round "2"]
[White "Rolinkova, Lucie"]
[Black "Vavrinkova, Anna"]
[Result "1/2-1/2"]
[WhiteElo "1444"]
[BlackElo "1565"]
[EventDate "2018.03.10"]

1. e4  e5  2. Nf3  Nf6
3. Nxe5  d6  4. Nf3
Nxe4  5. Nc3  Nxc3
6. dxc3  Be7  7. Be2
O-O  8. Bf4  Nc6
9. Qd2  Be6  10. h4
f6  11. O-O-O  a5
12. Kb1  Ne5  13. Nd4
Bf7  14. g4  Qd7
15. Rdg1  c6  16. g5
Ng6  17. gxf6  Bxf6
18. Bg5  Bd5  19. f3
Bxd4  20. cxd4  Bxf3
21. Bxf3  Rxf3  22. h5
Nf8  23. Qg2  Rf7
24. Rh4  Ne6  25. Be3
Raf8  26. Rg4  Kh8
27. d5  cxd5  28. Qxd5
Rf5  29. Qh1  Qf7
30. h6  g6  31. Bd2
Kg8  32. a3  Rf1+
33. Be1  Rxg1  34. Rxg1
a4  35. Bc3  b5
36. Qd5  Qd7  37. Rd1  Rd8
38. Bf6  Rb8  39. Qxd6
Qxd6  40. Rxd6  Kf7
41. Be5  Rb7  42. b3
Nc5  43. Kb2  Ke7
44. Rc6  Ne4  45. Rc8
Ke6  46. Bg7  Ng5
47. Ra8  axb3  48. cxb3
Kd5  49. Rc8  Ne6
50. Bf6  Kd6  1/2-1/2

[Event "MCR mladeze, Kouty 2018 - D14"]
[Site "Kouty nad Desnou"]
[Date "2018.03.11"]
[Round "2"]
[White "Stastna, Martina"]
[Black "Sevelova, Anna"]
[Result "1-0"]
[WhiteElo "1531"]
[BlackElo "1000"]
[EventDate "2018.03.10"]

1. e4  e5  2. Nf3  Nc6
3. Bb5  Bc5  4. c3
Nf6  5. O-O  O-O
6. d4  Be7  7. Re1
d6  8. h3  Be6
9. d5  Bd7  10. dxc6  bxc6
11. Bc4  Rb8  12. Nbd2
Qc8  13. Nf1  Be6
14. Bxe6  Qxe6  15. Ng3
Rfd8  16. Nf5  d5
17. Nxe7+  Qxe7  18. exd5
cxd5  19. Nxe5  Rb5
20. Nc6  Qd6  21. Nxd8
Qxd8  22. Bg5  Qd6
23. Bxf6  Qxf6  24. Re8#
1-0

[Event "MCR mladeze, Kouty 2018 - D14"]
[Site "Kouty nad Desnou"]
[Date "2018.03.11"]
[Round "2"]
[White "Habinova, Alice"]
[Black "Dudova, Pavlina"]
[Result "0-1"]
[WhiteElo "1327"]
[BlackElo "1526"]
[EventDate "2018.03.10"]

1. e4  e5  2. f4  exf4
3. Nf3  d5  4. exd5
Nf6  5. Bc4  Bd6
6. Qe2+  Qe7  7. Qxe7+
Kxe7  8. d4  Re8
9. O-O  Kf8  10. Nc3
Ng4  11. Bb3  Ne3
12. Re1  Bf5  13. Nb5
Nxc2  14. Rxe8+  Kxe8
15. Nxd6+  cxd6  16. Bxc2
Bxc2  17. Bxf4  Kd7
18. Re1  Na6  19. Bg3
Nc7  20. Ng5  Bg6
21. Ne4  Bxe4  22. Rxe4
Nxd5  23. Rg4  g6
24. Rg5  Nb6  25. Kf2
Rc8  26. Rb5  Rc2+
27. Kf3  Kc6  28. Ra5
Rxb2  29. Rxa7  Rb4
30. Bf2  d5  31. Ra3
h5  32. Kf4  Nc4
33. Ra8  Rb2  34. Kg3
Nd6  35. h4  Ne4+
0-1

[Event "MCR mladeze, Kouty 2018 - D14"]
[Site "Kouty nad Desnou"]
[Date "2018.03.11"]
[Round "2"]
[White "Londinova, Jasmina Marie"]
[Black "Ruzickova, Ema"]
[Result "0-1"]
[WhiteElo "1122"]
[BlackElo "1306"]
[EventDate "2018.03.10"]

1. e4  e5  2. Nf3  Nc6
3. d4  exd4  4. Bc4
Nf6  5. e5  Ng4
6. Bf4  d6  7. exd6  Bxd6
8. Bxd6  Qxd6  9. O-O
O-O  10. Nbd2  Nge5
11. h3  Qg6  12. Qe2
Bxh3  13. Nh4  Qg5
14. Ndf3  Nxf3+  15. Qxf3
Qxh4  16. Qxh3  Qxh3
17. gxh3  Rfe8  18. Rfe1
Ne5  19. Be2  h6
20. Rad1  g5  21. Kg2
Rad8  22. Kg3  d3
23. Bxd3  Nxd3  24. Rxe8+
Rxe8  25. Rxd3  Re2
26. Rc3  c6  27. Kf3
Re1  28. Kg2  Kg7
29. f3  Re2+  30. Kg3
h5  31. h4  f6
32. Rc5  Kg6  33. f4  Re3+
34. Kf2  gxf4  35. b3
Rh3  36. Rc4  Rxh4
37. Kg2  f3+  38. Kxf3
Rxc4  39. bxc4  Kg5
40. Kg3  f5  41. Kf3
h4  42. Kf2  f4
43. Kf3  h3  44. Kf2  Kg4
45. Kg1  Kg3  46. Kh1
f3  0-1

[Event "MCR mladeze, Kouty 2018 - D14"]
[Site "Kouty nad Desnou"]
[Date "2018.03.11"]
[Round "2"]
[White "Markova, Katerina"]
[Black "Vsetulova, Viktorie"]
[Result "0-1"]
[WhiteElo "1129"]
[BlackElo "1457"]
[EventDate "2018.03.10"]

1. e4  c5  2. Nf3  d6
3. d4  cxd4  4. Nxd4
Nf6  5. Nc3  g6
6. f3  Bg7  7. Be3  O-O
8. g4  Nc6  9. h4
Qb6  10. Qd2  Nxe4
11. fxe4  Nxd4  12. O-O-O
e5  13. Bh6  Bxg4
14. Bxg7  Kxg7  15. h5
Bxd1  16. Kxd1  Qd8
17. hxg6  fxg6  18. Bc4
h5  19. Rg1  Nf3
20. Qe3  Nxg1  21. Qxg1
Qf6  22. Nd5  Qf3+
23. Be2  Qxe4  24. Nc3
Qd4+  25. Qxd4  exd4
26. Nd5  Rae8  27. Bd3
g5  28. b3  g4
29. Be2  Re5  30. Nc7  Rf7
31. Nb5  g3  32. Bc4
g2  33. Bxf7  g1=Q+
34. Kd2  Qe3+  35. Kd1
Rxb5  36. Bc4  Rg5
37. c3  dxc3  38. Kc2
Qd2+  39. Kb1  Qb2#
0-1

[Event "MCR mladeze, Kouty 2018 - D14"]
[Site "Kouty nad Desnou"]
[Date "2018.03.11"]
[Round "2"]
[White "Saskova, Renata"]
[Black "Souckova, Viktorie"]
[Result "1-0"]
[WhiteElo "1307"]
[BlackElo "1126"]
[EventDate "2018.03.10"]

1. e4  e5  2. Nf3  Nc6
3. d4  Bb4+  4. c3
Bd6  5. Be2  Nf6
6. Bg5  h6  7. Bxf6
Qxf6  8. O-O  b6
9. Qd3  Bb7  10. Nbd2
O-O-O  11. Nc4  exd4
12. cxd4  Nb4  13. e5
Ba6  14. Nxd6+  Qxd6
15. Qxa6+  Nxa6  16. Bxa6+
Kb8  17. exd6  cxd6
18. Rfe1  g5  19. h3
f6  20. Re7  f5
21. Rf7  g4  22. hxg4  fxg4
23. Nd2  h5  24. Rg7
d5  25. Re1  Rh6
26. Ree7  Kc7  27. Bb5
Rd6  28. Rh7  g3
29. fxg3  a5  30. Rxh5
Rf6  31. Rxd5  Rh8
32. Rdxd7+  Kc8  33. Ba6+
Kb8  34. Rb7+  Ka8
35. Nc4  a4  36. Nxb6+
Rxb6  37. Rxb6  a3
38. Re2  Ka7  39. Rf6
Rb8  40. bxa3  Rb1+
41. Kf2  Rb8  42. Re7+
Ka8  43. Bb7+  Ka7
44. Bd5+  Rb7  45. Bxb7
Kb8  46. Bf3  Kc8
47. Rf8# 1-0

[Event "MCR mladeze, Kouty 2018 - D14"]
[Site "Kouty nad Desnou"]
[Date "2018.03.11"]
[Round "2"]
[White "Pluharova, Asja"]
[Black "Capkova, Hana"]
[Result "1-0"]
[WhiteElo "1159"]
[BlackElo "1099"]
[EventDate "2018.03.10"]

1. e4  c5  2. c3  Nc6
3. d4  cxd4  4. cxd4
e6  5. Nf3  Qc7
6. Nc3  a6  7. Be2  Be7
8. O-O  b6  9. Be3
d6  10. a3  Bb7
11. b4  b5  12. Rc1  Qd7
13. Qd2  f6  14. Rfe1
d5  15. exd5 exd5  16. Bf4
f5  17. Ne5  Qc8
18. Nxd5  Bd8  19. Bh5+
g6  20. Nxg6+  Kf7
21. Nxh8+  Kg7  22. Be5+
Kf8  23. Qe3  Qd7
24. Bf4  Kg7  25. Qg3+
Kxh8  26. Be5+  Nxe5
27. Qxe5+  Nf6  28. Nxf6
Bxf6  29. Qxf6+  Kg8
30. Re7  Qd5  31. Rg7+
Kh8  32. Re7+  Kg8
33. Qg7#  1-0

[Event "MCR mladeze, Kouty 2018 - D14"]
[Site "Kouty nad Desnou"]
[Date "2018.03.11"]
[Round "2"]
[White "Drahonovska, Veronika"]
[Black "Merinska, Julie"]
[Result "1-0"]
[WhiteElo "1092"]
[BlackElo "1135"]
[EventDate "2018.03.10"]

1. d4  d5  2. c4  Nf6
3. Nc3  Bf5  4. Bg5
e6  5. Nf3  Be7
6. Bxf6  Bxf6  7. e3  Nc6
8. h3  Qd7  9. Bd3
Bxd3  10. Qxd3  Nb4
11. Qe2  Qc6  12. a3
Na6  13. b3  O-O-O
14. O-O  g5  15. Ne5
Bxe5  16. dxe5  Rdg8
17. Rad1  Rd8  18. Qd3
Nc5  19. Qd4  dxc4
20. Qxc4  Rxd1  21. Rxd1
Rd8  22. Rxd8+  Kxd8
23. b4  Nd7  24. Qd4
Ke8  25. f4  gxf4
26. exf4  Qb6  27. Qxb6
Nxb6  28. g4  Nd5
29. Nxd5  exd5  30. f5
Ke7  31. g5  b6
32. b5  c5  33. bxc6  a5
34. c7  Kd7  35. e6+
fxe6  36. f6  Kxc7
37. f7  Kd6  38. f8=Q+ Ke5
39. Qf6+  Kd6  40. Kf2
a4  41. Qd8+  Ke5
42. Qxb6  d4  43. Qb5+
Ke4  44. Qxa4  e5
45. Qc2+  d3  46. Qd1
Kd4  47. Qd2  e4
48. Qe3+  Kc3  49. Qxe4
Kd2  50. Qe3+  Kc3
51. a4  Kc2  52. Ke1
Kc3  53. a5  h5
54. gxh6  Kc2  55. Qd2+  Kb3
56. Qxd3+  Kb2  57. a6
Kc1  58. a7  Kb2
59. a8=R  Kc1  60. Rc8+
Kb2  61. Qd6  Kb3
62. Qb6+  1-0

[Event "MCR mladeze, Kouty 2018 - D14"]
[Site "Kouty nad Desnou"]
[Date "2018.03.12"]
[Round "3"]
[White "Lhotska, Anna"]
[Black "Stastna, Martina"]
[Result "0-1"]
[WhiteElo "1647"]
[BlackElo "1531"]
[EventDate "2018.03.10"]

1. e4  e5  2. Nf3  Nf6
3. Nc3  Nc6  4. d4
exd4  5. Nxd4  Bb4
6. Nxc6  bxc6  7. Bd3
d5  8. exd5  Qe7+
9. Qe2  Qxe2+  10. Bxe2
Nxd5  11. Bd2  Nxc3
12. bxc3  Bd6  13. O-O
O-O  14. Bf3  Bd7
15. Be3  a6  16. Rab1
Rab8  17. Rfd1  Rfd8
18. Be4  Be6  19. a4
Be5  20. Rxb8  Rxb8
21. Ba7  Rf8  22. Bd4
Bxd4  23. Rxd4  c5
24. Rd1  Rb8  25. Bb7
a5  26. g3  Kf8
27. Bd5  Rd8  28. Bf3  Rxd1+
29. Bxd1  Bf5  30. Kf1
Ke7  31. Ke2  Bd7
32. Kd3  Kd6  33. c4
Bxa4  34. Kc3  Ke5
35. Bf3  f5  36. Kd3
g5  37. Bd5  g4
38. Bg2  f4  39. Bd5  fxg3
40. hxg3  Kf6  41. Be4
h5  42. Ke3  Kg5
43. f3  gxf3  44. Kxf3
Bd7  45. Ke3  Bf5
46. Bf3  Bxc2  47. Kd2
Bb3  48. Kc3  a4
49. Be2  h4  50. gxh4+
Kxh4  51. Kb2  Kg3
52. Kc3  Kf2  53. Bh5
Ke1  54. Bg4  Bd1
55. Bf5  Bf3  56. Bd7
Bd1  57. Be8  a3
58. Bd7  a2  59. Kb2
Bb3  60. Be6  Kd2
61. Bf7  Kd3  62. Bg6+
Kxc4  63. Bf7+  Kb4
64. Bg6  c4  65. Ka1
c3  66. Bf7  c2
67. Bxb3  c1=Q+  68. Kxa2  Kc3
0-1

[Event "MCR mladeze, Kouty 2018 - D14"]
[Site "Kouty nad Desnou"]
[Date "2018.03.12"]
[Round "3"]
[White "Dudova, Pavlina"]
[Black "Gregurkova, Nikola"]
[Result "0-1"]
[WhiteElo "1526"]
[BlackElo "1579"]
[EventDate "2018.03.10"]

1. e4  e5  2. Nf3  Nc6
3. Bc4  Nf6  4. d3
Be7  5. O-O  O-O
6. Bb3  d6  7. c3
Na5  8. Bc2  c5
9. Nbd2  Nc6  10. Re1  Re8
11. Nf1  Bf8  12. Ng3
d5  13. Bg5  d4
14. c4  h6  15. Bd2  a6
16. Ba4  Qc7  17. a3
Rb8  18. Rc1  b5
19. cxb5  axb5  20. Bb3
Na5  21. Ba2  Qb6
22. Bxa5  Qxa5  23. Qb3
Be6  24. Qc2  Bxa2
25. b3  Qxa3  26. Nd2
Ra8  27. Ra1  Qa6
28. Ne2  Bxb3  29. Nxb3
Qb6  30. Nd2  Bd6
31. Reb1  Qc6  32. Ng3
g6  33. Rc1  Rxa1
34. Rxa1  Ra8  35. Rc1
Nd7  36. Nf3  Kg7
37. h4  Rc8  38. h5
c4  39. hxg6  fxg6
40. Qd2  c3  41. Qe2
Nf6  42. Nh4  b4
43. Qf3  Qd7  44. Qd1
Qe6  45. Ra1  b3
46. Ra7+  Rc7  47. Ra6
c2  48. Qc1  Kh7
49. Ngf5  gxf5  50. Nxf5
Ne8  51. Ra8  b2
52. Qxb2  c1=Q+  53. Qxc1
Rxc1+  54. Kh2  Ng7
55. Ra7  Rc7  56. Nxg7
Kxg7  0-1

[Event "MCR mladeze, Kouty 2018 - D14"]
[Site "Kouty nad Desnou"]
[Date "2018.03.12"]
[Round "3"]
[White "Vavrinkova, Anna"]
[Black "Malkova, Adriana"]
[Result "0-1"]
[WhiteElo "1565"]
[BlackElo "1486"]
[EventDate "2018.03.10"]

1. e4  d6  2. d4  Nf6
3. Nc3  c6  4. Bc4
b5  5. Bd3  Nbd7
6. a3  e5  7. Nf3
Bb7  8. O-O  Be7
9. Re1  Qc7  10. h3
a6  11. b3  c5
12. dxe5  dxe5  13. Bb2  O-O
14. Nd2  Nb6  15. Rc1
Rfd8  16. f3  c4
17. Bf1  Nh5  18. Ne2
Bc5+  19. Kh1  Bf2
20. Bc3  Bxe1  21. Qxe1
Rac8  22. Qf2  Qc5
23. Qh4  Nf6  24. Bb4
Qe3  25. Nb1  cxb3
26. Be7  Re8  27. Bxf6
gxf6  28. Qxf6  Re6
29. Qh4  bxc2  0-1

[Event "MCR mladeze, Kouty 2018 - D14"]
[Site "Kouty nad Desnou"]
[Date "2018.03.12"]
[Round "3"]
[White "Vsetulova, Viktorie"]
[Black "Rolinkova, Lucie"]
[Result "0-1"]
[WhiteElo "1457"]
[BlackElo "1444"]
[EventDate "2018.03.10"]

1. e4  c5  2. Nf3  d6
3. d4  cxd4  4. Nxd4
Nf6  5. Nc3  e6
6. Be2  Be7  7. O-O  a6
8. Be3  b5  9. a3
Bb7  10. f3  Nbd7
11. Qd2  Rc8  12. Rad1
Ne5  13. Bf2  Nc4
14. Bxc4  Rxc4  15. Qg5
O-O  16. Qe3  Qc7
17. Bg3  Rc8  18. Ndxb5
axb5  19. Nxb5  Qc5
20. Qxc5  R4xc5  21. Bxd6
Bxd6  22. Nxd6  Rxc2
23. Nxc8  Rxc8  24. b4
h6  25. Ra1  Nd7
26. Rfb1  Nb6  27. a4
Ra8  28. a5  Nc4
29. Rc1  Ba6  30. Rcb1
Bb5  31. Ra2  Kf8
32. Kf2  Ke7  33. Ke2
Na3+  34. Kd2  Nxb1+
35. Kc2  Nd2  36. Kxd2
Rc8  37. a6  Ra8
38. a7  Kd7  39. Kc3
Kc6  40. Kd4  f6
41. e5  f5  42. g4
f4  43. h4  g5
44. hxg5  hxg5  45. Ra1  Kb6
46. Ra2  Rxa7  47. Rxa7
Kxa7  48. Kc5  Be2
49. b5  Bxf3  50. b6+
Kb7  51. Kb5  Bxg4
0-1

[Event "MCR mladeze, Kouty 2018 - D14"]
[Site "Kouty nad Desnou"]
[Date "2018.03.12"]
[Round "3"]
[White "Leksova, Sona"]
[Black "Pluharova, Asja"]
[Result "1-0"]
[WhiteElo "1382"]
[BlackElo "1159"]
[EventDate "2018.03.10"]

1. e4  c5  2. Nf3  d6
3. Bb5+  Bd7  4. Bxd7+
Nxd7  5. O-O  Ngf6
6. Re1  e6  7. c3
Be7  8. d4  cxd4
9. cxd4  O-O  10. Nc3
Rc8  11. d5  e5
12. Bg5  a6  13. Bxf6  Bxf6
14. a4  Qb6  15. Qd2
Nc5  16. a5  Qc7
17. Ra3  b5  18. axb6
Qxb6  19. Na4  Qb5
20. Nxc5  Rxc5  21. Rea1
Ra8  22. Ra5  Qb6
23. b4  Rb5  24. Rxb5
Qxb5  25. Ra5  Qc4
26. Qe1  Rc8  27. Ra1
Bd8  28. h3  Bb6 29. Qf1
Qxf1+  30. Kxf1  Ra8 31. Ke2
f6  32. Nd2 Bd4  33. Ra4
Kf7  34. Nc4  Ra7
35. Nxd6+  Kg6  36. Nf5
h6  37. Nxd4  exd4
38. b5  Rc7  39. bxa6
Rc2+  40. Kd3  Rxf2
41. a7  Rxg2  42. a8=Q
Rg3+  43. Kxd4  Kg5
44. Ra3  Rg1  45. d6
Rd1+  46. Rd3  Re1
47. Qd5+  Kg6  48. d7
Rg1  49. d8=Q  Kh7
50. Qf5+  Rg6  51. Rg3
h5  52. Qxg6#  1-0

[Event "MCR mladeze, Kouty 2018 - D14"]
[Site "Kouty nad Desnou"]
[Date "2018.03.12"]
[Round "3"]
[White "Londinova, Jasmina Marie"]
[Black "Habinova, Alice"]
[Result "0-1"]
[WhiteElo "1122"]
[BlackElo "1327"]
[EventDate "2018.03.10"]

1. e4  e5  2. Nf3  Nc6
3. Bc4  Nf6  4. d3
Bc5  5. Bg5  h6
6. Bh4  d6  7. h3  Be6
8. Bxe6  fxe6  9. Nbd2
Qd7  10. Qe2  O-O-O
11. O-O-O  Rhe8  12. Rhe1
d5  13. Bxf6  gxf6
14. c3  d4  15. Nb3
Bb6  16. Kb1  dxc3
17. bxc3  Na5  18. Qc2
Nxb3  19. axb3  Qb5
20. Rf1  Rd6  21. Rd2
Red8  22. Rfd1  Rc6
23. Kb2  Ba5  24. c4
Qa6  25. Re2  b5
26. Ra1  Qb6  27. Ne1
bxc4  28. dxc4  Qd4+
29. Kb1  Bc3  30. Ra2
Rcd6  31. Nf3  Qd1+
32. Qxd1  Rxd1+  33. Kc2
R1d3  34. Rxa7  Bb4
35. Ra1  Rc3+  36. Kb2
Rdd3  37. Kb1  Rxb3+
38. Rb2  Rxb2+  39. Kxb2
Bc3+  40. Kc2  Rxf3
41. Ra3  Rxf2+  42. Kxc3
Rxg2  43. Kb4  Re2
44. Rf3  Rxe4  45. Rxf6
Rh4  46. Rf3  Kd7
47. Kc5  Rf4  48. Rd3+
Ke7  49. Re3  Kf6
50. Kb4  Kf5  51. Kc3
e4  52. Kd4  e5+
53. Kd5  Rf3  54. Re2
Rxh3  55. Rf2+  Rf3
56. Rh2  Rd3+  57. Kc6
e3  58. Kxc7  Rc3
59. Kd6  Rxc4  60. Rh5+
Ke4  61. Rxe5+  Kd3
62. Ra5  e2  63. Ra3+
Kd2  64. Ra2+  Rc2 0-1

[Event "MCR mladeze, Kouty 2018 - D14"]
[Site "Kouty nad Desnou"]
[Date "2018.03.12"]
[Round "3"]
[White "Sevelova, Anna"]
[Black "Saskova, Renata"]
[Result "0-1"]
[WhiteElo "1000"]
[BlackElo "1307"]
[EventDate "2018.03.10"]

1. e4  c5  2. Nc3  d6
3. Nf3  Nf6  4. Bc4
e6  5. O-O  Be7
6. d3  O-O  7. Re1  Nc6
8. Bd2  Re8  9. Qe2
Nd4  10. Qe3  Nxc2
11. Qe2  Nxa1  12. Rxa1
d5  13. Bb3  a6
14. Rd1  b5  15. Bc2  Bb7
16. Re1  Rc8  17. e5
Nd7  18. d4  c4
19. b3  h6  20. Bxh6  gxh6
21. Bb1  Nf8  22. Qc2
cxb3  23. axb3  b4
24. Re3  bxc3  25. Ne1
Bg5  26. Rh3  f6
27. Nf3  f5  28. Rh5
Qe7  29. h4  Qf7
30. g4  fxg4  31. hxg5
Qxh5  32. Kf1  gxf3
33. g6  Qh1#  0-1

[Event "MCR mladeze, Kouty 2018 - D14"]
[Site "Kouty nad Desnou"]
[Date "2018.03.12"]
[Round "3"]
[White "Ruzickova, Ema"]
[Black "Vahalova, Veronika"]
[Result "1-0"]
[WhiteElo "1306"]
[BlackElo "1000"]
[EventDate "2018.03.10"]

1. e4  e5  2. f4  exf4
3. Nf3  g5  4. h3
h6  5. Bc4  Bg7
6. d4  d6  7. Nc3  Nf6
8. Qd3  O-O  9. Bd2
Bd7  10. O-O-O  Nc6
11. Nd5  Nxd5  12. Bxd5
Ne7  13. Bb3  a6
14. h4  gxh4  15. Nxh4
b5  16. Bxf4  Nc6
17. c3  Re8  18. Nf5
Bxf5  19. exf5  a5
20. Qg3  Qe7  21. Bxh6
Qf6  22. Bxg7  Qxg7
23. Qxg7+  Kxg7  24. Bd5
Ra6  25. Bxc6  Rxc6
26. Rde1  Rd8  27. g4
b4  28. Kd2  bxc3+
29. bxc3  Kf6  30. Rb1
Re8  31. Kd3  d5
32. Rb5  Rg8  33. Rg1
Kg5  34. Rxa5  Kxf5
35. Rf1+  Kg6  36. Rxd5
Rh8  37. Rdf5  Rh3+
38. R5f3  Rh2  39. R1f2
Rh1  40. Rxf7  Rh7
41. Rxh7  Kxh7  42. g5
Ra6  43. d5  Kg6
44. Rf6+  Kxg5  45. Rxa6
c5  46. dxc6  Kf5
47. c7  Kg4  48. Rf6
1-0

[Event "MCR mladeze, Kouty 2018 - D14"]
[Site "Kouty nad Desnou"]
[Date "2018.03.12"]
[Round "3"]
[White "Souckova, Viktorie"]
[Black "Drahonovska, Veronika"]
[Result "1-0"]
[WhiteElo "1126"]
[BlackElo "1092"]
[EventDate "2018.03.10"]

1. e4  c5  2. Bc4  a6
3. Nf3  Nc6  4. d3
e6  5. Nc3  b5
6. Bb3  b4  7. Ne2  Bd6
8. d4  cxd4  9. Nexd4
Nf6  10. Nxc6  dxc6
11. Bg5  Bc7  12. e5
Qxd1+  13. Rxd1  Nd5
14. O-O  f6  15. Bxd5
cxd5  16. exf6  gxf6
17. Bxf6  Rg8 18. Ng5  h6
19. Nf3  Bb7  20. Rd4
Bb6  21. Rxb4  d4
22. Rxb6  Bxf3  23. g3
Kf7  24. Bxd4  1-0

[Event "MCR mladeze, Kouty 2018 - D14"]
[Site "Kouty nad Desnou"]
[Date "2018.03.12"]
[Round "3"]
[White "Merinska, Julie"]
[Black "Markova, Katerina"]
[Result "0-1"]
[WhiteElo "1135"]
[BlackElo "1129"]
[EventDate "2018.03.10"]

1. e4  e5  2. Nf3  Nc6
3. Bc4  Nf6  4. Nc3
Nxe4  5. Nxe4  d5
6. Bb5  dxe4  7. Bxc6+
bxc6  8. Nxe5  Qf6
9. d4  Bd6  10. Nxc6
O-O  11. Be3  Qg6
12. Rg1  Bb7  13. d5
Bxc6  14. dxc6  Rad8
15. g3  Bb4+  16. Bd2
Bxd2+  17. Kf1  e3
18. fxe3  Bxe3  19. Qf3
Bxg1  20. Kxg1  Qxc2
21. b3  Rfe8  22. Qg4
Rd2  23. Rf1  Rg2+
24. Kh1  Rxh2+  25. Kg1
Qg2# 0-1

[Event "MCR mladeze, Kouty 2018 - D14"]
[Site "Kouty nad Desnou"]
[Date "2018.03.12"]
[Round "4"]
[White "Gregurkova, Nikola"]
[Black "Stastna, Martina"]
[Result "1-0"]
[WhiteElo "1579"]
[BlackElo "1531"]
[EventDate "2018.03.10"]

1. e4  e5  2. Nf3  Nc6
3. Bb5  a6  4. Bxc6
dxc6  5. O-O  Bg4
6. h3  h5  7. d3
Bd6  8. Nbd2  Qf6
9. Nc4  Ne7  10. Be3
Ng6  11. hxg4  hxg4
12. Bg5  Qe6  13. Nh2
g3  14. fxg3  f6
15. Be3  Qg8  16. Nf3
O-O-O  17. Kf2  Ne7
18. Rh1  Qf7  19. Ke2
g6  20. c3  Qg7
21. Qb3  Kb8  22. Na5 1-0